Statistics for All Mario Party Items

Click here to take the quiz!

General Stats

  • This quiz has been taken 7 times
  • The average score is 40 of 253

Answer Stats

GameItem% Correct
Mario Party 2 | Mario Party 3 | Mario Party SuperstarsMushroom
83%
Mario Party 2 | Mario Party 3 | Mario Party SuperstarsBoo Bell
50%
Mario Party SuperstarsDouble Dice
50%
Mario Party 3Golden Mushroom
50%
Mario Party 2 | Mario Party 3 | Mario Party SuperstarsSkeleton Key
50%
Mario Party SuperstarsTriple Dice
50%
Mario Party 2Bowser Bomb
33%
Mario Party 3Bowser Phone
33%
Mario Party 2 | Mario Party 3 | Mario Party 4Bowser Suit
33%
Mario Party 5Chain Chomp Capsule
33%
Mario Party SuperstarsCustom DIce Block
33%
Super Mario PartyCustom Dice Block
33%
Mario Party 2 | Mario Party 3 | Mario Party Superstars | Super Mario PartyDueling Glove
33%
Mario Party Superstars | Super Mario PartyGolden Pipe
33%
Mario Party 5Goomba Capsule
33%
Mario Party Star RushKamek
33%
Mario Party 3Koopa Kard
33%
Mario Party 2 | Mario Party 3 | Mario Party 4Magic Lamp
33%
Mario Party 10 | Mario Party 4Mega Mushroom
33%
Mario Party 4Mini Mushroom
33%
Mario Party 5Mushroom Capsule
33%
Mario Party 5Paratroopa Capsule
33%
Mario Party 5Piranha Plant Capsule
33%
Mario Party 2 | Mario Party 3 | Mario Party SuperstarsPlunder Chest
33%
Mario Party 3 | Mario Party Star Rush | Super Mario PartyPoison Mushroom
33%
Mario Party 3Reverse Mushroom
33%
Mario Party 5Spiny Capsule
33%
Mario Party 4Super Mega Mushroom
33%
Mario Party 4Super Mini Mushroom
33%
Mario Party 2 | Mario Party 3 | Mario Party SuperstarsWarp Block
33%
Mario Party Star Rush | Super Mario PartyWarp Box
33%
Mario Party 4Warp Pipe
33%
Mario Party 5WIggler Capsule
33%
Mario Party 6 | Mario Party 7Zap Orb
33%
Mario Party 10 | Mario Party 90-1 Dice Block
17%
Mario Party DS10-Coin Hex
17%
Mario Party 91-10 Dice Block
17%
Mario Party 10 | Mario Party 91-2-3 Dice Block
17%
Mario Party DS1-Star Hex
17%
Mario Party DS20-Coin Hex
17%
Mario Party DS2-Star Hex
17%
Mario Party 10 | Mario Party 94-5-6 Dice Block
17%
Super Mario PartyAlly Phone
17%
Mario Party 3Barter Box
17%
Mario Party 8Bitsize Candy
17%
Mario Party Star RushBlooper
17%
Mario Party 5Bone Capsule
17%
Super Mario PartyBoo Dice Block
17%
Mario Party 3Boo Repellant
17%
Mario Party 4Boo's Crystal Ball
17%
Mario Party 8Bowlo Candy
17%
Super Mario PartyBowser Dice Block
17%
Super Mario PartyBowser Jr. Dice Block
17%
Mario Party 5Bubble Capsule
17%
Mario Party 5Bullet Bill Capsule
17%
Mario Party 3Cellular Shopper
17%
Island TourChaos Kamek
17%
Mario Party 4 | Mario Party SuperstarsChomp Call
17%
Mario Party Star Rush | Super Mario PartyCoinado
17%
Mario Party DSCoin Block
17%
Mario Party 5Coin Block Capsule
17%
Island TourCrazy Kamek
17%
Mario Party SuperstarsCursed DIce Block
17%
Mario Party 5Cursed Mushroom Capsule
17%
Super Mario PartyDaisy Dice Block
17%
Super Mario PartyDiddy Kong Dice Block
17%
Super Mario PartyDonkey Kong Dice Block
17%
Mario Party DSDouble Dice Set
17%
Mario Party Star Rush | Mario Party SuperstarsDouble Star Card
17%
Super Mario PartyDry Bones Dice Block
17%
Mario Party Star RushFling Spring
17%
Super Mario PartyFly Guy Ticket
17%
Mario Party 4Gaddlight
17%
Mario Party 2Golden Muhroom
17%
Super Mario PartyGoomba Dice Block
17%
Mario Party 6Goomba Orb
17%
Mario Party 5Hammer Bro Capsule
17%
Super Mario PartyHammer Bro Dice Block
17%
Mario Party Superstars | Super Mario PartyHidden Block Card
17%
Mario Party 3 | Mario Party 4 | Mario Party SuperstarsItem Bag
17%
Mario Party 5Kamek Capsule
17%
Mario Party 6 | Mario Party 7Kamek Orb
17%
Mario Party 5Klepto Capsule
17%
Mario Party 5Koopa Bank Capsule
17%
Super Mario PartyKoopa Troopa Dice Block
17%
Mario Party 6Koopa Troopa Orb
17%
Mario Party 7Lakitu Orb
17%
Mario Party 3Lucky Charm
17%
Mario Party 3Lucky Lamp
17%
Super Mario PartyLuigi Dice Block
17%
Mario Party 5Magikoopa Capsule
17%
Super Mario PartyMario Dice Block
17%
Game not metionedMario Party Advanced
17%
Game not metionedMario Party the top 100
17%
Mario Party 4MiniMega Hammer
17%
Super Mario PartyMonty Mole Dice Block
17%
Mario Party 5Mr. Blizzard Capsule
17%
Mario Party 6 | Mario Party 7Mr. Blizzard Orb
17%
Super Mario PartyPeach Dice Block
17%
Super Mario PartyPeepa Bell
17%
Mario Party 6 | Mario Party 7Piranha Plant Orb
17%
Mario Party 6Podoboo Orb
17%
Super Mario PartyPom Pom Dice Block
17%
Super Mario PartyRosalina Dice Block
17%
Island TourSetback Shell
17%
Super Mario PartyShy Guy Dice Block
17%
Mario Party 6 | Mario Party 7Snack Orb
17%
Mario Party DSSnag Bag
17%
Mario Party 4Sparky Sticker
17%
Mario Party 6 | Mario Party 7Spiny Orb
17%
Mario Party 8Springo Candy
17%
Mario Party 10Super Mushroom
17%
Mario Party 5Super Mushroom Capsule
17%
Mario Party SuperstarsSuper Warp Block
17%
Mario Party 4Swap Card
17%
Mario Party 8Thrice Candy
17%
Mario Party 6 | Mario Party 7Thwomp Orb
17%
Mario Party 6 | Mario Party 7Toady Orb
17%
Mario Party DSTriple Dice Set
17%
Mario Party 5Ukiki Capsule
17%
Mario Party 8Vampire Candy
17%
Mario Party 3Wacky Watch
17%
Super Mario PartyWaluigi Dice Block
17%
Super Mario PartyWario Dice Block
17%
Mario Party 5Warp Pipe Capsule
17%
Super Mario PartyYoshi Dice Block
17%
Mario Party 101-2-3 Slow Dice Block
0%
Island TourBackwards Bill
0%
Mario Party 7Bandit Orb
0%
Mario Party DSBlock Sensor
0%
Island TourBlooper Chopper
0%
Mario Party 8Bloway Candy
0%
Mario Party 5Bob-Omb Capsule
0%
Mario Party 6 | Mario Party 7Bob-omb Orb
0%
Mario Party 6Boo-Away Orb
0%
Mario Party 8Bowser Candy
0%
Mario Party 5Bowser Capsule
0%
Island TourBowser Card
0%
Mario Party 6Bullet Bill Orb
0%
Mario Party 8Bullet Candy
0%
Mario Party 7Cannon Orb
0%
Mario Party 8Cashzap Candy
0%
Mario Party 5Chance Capsule
0%
Mario Party Star RushCoin Bag
0%
Mario Party Star RushCoin Glove
0%
Mario Party DSCoin Swap Hex
0%
Mario Party Star RushCoin Trio
0%
Mario Party 6Cursed Mushroom Orb
0%
Island Tour | Mario Party Star Rush | Super Mario PartyDash Mushroom
0%
Mario Party Star Rush | Super Mario PartyDouble Card
0%
Mario Party 10 | Mario Party Star RushDouble Dice Block
0%
Mario Party Star RushDouble Medal
0%
Mario Party 5Duel Capsule
0%
Mario Party Star RushDuel Glove
0%
Mario Party 8Duelo Candy
0%
Mario Party 7Egg Orb
0%
Mario Party 7Fireball Orb
0%
Mario Party 7Flower Orb
0%
Mario Party 6 | Mario Party 7Flutter Orb
0%
Island Tour | Mario Party Star Rush | Super Mario PartyGolden Dash Mushroom
0%
Super Mario PartyGolden Drink
0%
Mario Party DSGrab Bag
0%
Mario Party DSHalfway Dice Block
0%
Mario Party 7Hammer Bro Orb
0%
Mario Party 6Klepto Orb
0%
Mario Party 7Koopa Kid Orb
0%
Mario Party 5Lakitu Capsule
0%
Island TourLakitu Leech
0%
Mario Party Star RushLava Bubble
0%
Mario Party Star RushLightning Bolt
0%
Island TourLightning Score Striker
0%
Mario Party 7Magic Orb
0%
Mario Party 6 | Mario Party 7Metal Mushroom Orb
0%
Mario Party 5Miracle Capsule
0%
Mario Party 6 | Mario Party 7Mushroom Orb
0%
Mario Party 7Pink Boo Orb
0%
Island TourPower Precision Card
0%
Island TourPrecision Card
0%
Island TourRandom Card
0%
Mario Party 10Reverse Dice Block
0%
Mario Party 10 | Mario Party 9Slow Dice Block
0%
Mario Party 8Slowgo Candy
0%
Mario Party 7Slow 'Shroom Orb
0%
Mario Party 6Sluggish 'Shroom Orb
0%
Mario Party DSSpace Swap Hex
0%
Mario Party 7Spear Guy Orb
0%
Mario Party DSStar Block
0%
Mario Party DSStar Pipe
0%
Mario Party 6 | Mario Party 7Super 'Shroom Orb
0%
Island TourSuper Star
0%
Mario Party 8Thwomp Candy
0%
Mario Party 7Triple 'Shroom Orb
0%
Mario Party 5Tweester Capsule
0%
Mario Party 6 | Mario Party 7Tweester Orb
0%
Mario Party 8Twice Candy
0%
Mario Party 7Vacuum Orb
0%
Mario Party DSWarp Dice Block
0%
Mario Party 6 | Mario Party 7Warp Pipe Orb
0%
Mario Party 8Weeglee Candy
0%

Score Distribution

Percentile by Number Answered

Percent of People with Each Score

Your Score History

You have not taken this quiz